Central Library OPAC University of Rajshahi
Normal view MARC view

Entry Personal Name

Number of records used in: 3

001 - CONTROL NUMBER

  • control field: 2953

003 - CONTROL NUMBER IDENTIFIER

  • control field: BD-RjUL

005 - DATE AND TIME OF LATEST TRANSACTION

  • control field: 20220512102838.0

008 - FIXED-LENGTH DATA ELEMENTS

  • fixed length control field: 220512|| aca||aabn | a|a d

040 ## - CATALOGING SOURCE

  • Original cataloging agency: BD-RjUL
  • Transcribing agency: BD-RjUL

100 ## - HEADING--PERSONAL NAME

  • Personal name: كامليف, سعيد هبة الله [Kamlev Said Hebatullah]

670 ## - SOURCE DATA FOUND

  • Source citation: Work cat.: (BD-RjUL)79786: كامليف, سعيد هبة الله [Kamlev Said Hebatullah], [ kitabat allughat alatirakih bialhirf alearabii]كتابة اللغات الاتراكيه بالحرف العربي /, 1995